Zborník zo Študentského odborného kolokvia k 50. výročiu prvého zasadnutia Európskeho parlamentu 1958-2008

Gespeichert in:
Bibliographische Detailangaben
Körperschaft: Zborník zo Študentského odborného kolokvia k 50. výročiu prvého zasadnutia Európskeho parlamentu. Odborné kolokvium
Format: Buch
Sprache:Slowakisch
Veröffentlicht: Bratislava Informačná kancelária Európskeho parlamentu na Slovensku 2008
Schlagworte:
Tags: Tag hinzufügen
Keine Tags, Fügen Sie das erste Tag hinzu!

MARC

LEADER 00000nlm$a2200000$$$4500
001 0093760
005 20240109070440.4
041 0 |a slo 
044 |a SK 
245 1 0 |a Zborník zo Študentského odborného kolokvia k 50. výročiu prvého zasadnutia Európskeho parlamentu  |b 1958-2008 
264 1 |a Bratislava  |b Informačná kancelária Európskeho parlamentu na Slovensku  |c 2008 
300 |a CD-ROM 
610 2 0 |a parlamenty 
610 2 0 |a Európa 
610 2 0 |a školy vysoké 
610 2 0 |a študenti 
110 2 |a Zborník zo Študentského odborného kolokvia k 50. výročiu prvého zasadnutia Európskeho parlamentu. Odborné kolokvium